000 00640nam a2200241Ia 4500
003 OSt
005 20221005083349.0
006 a|||||r|||| 00| 0
007 ta
008 221004b |||||||| |||| 00| 0 eng d
024 _a60017
037 _cTextual
040 _aCRL
_cCRL
_beng
041 _2eng
_aeng
082 _aV2:3(Y73(P165)).L<-J, M5
100 _aJoshi Rita
245 0 _aAfghan nobility and the Mughals 1526-1707
260 _aNew Delhi
_bVikas
_c1985
300 _a246p.
_ccm.
650 _aHISTORY
942 _hV2:3(Y73(P165)).L<-J, M5
_cTEXL
_2cc
999 _c990769
_d990769